UBT Library

Aero-hydrodynamics of sailing / (Record no. 893)

000 -LEADER
fixed length control field 00506nam a22001937a 4500
008 - FIXED-LENGTH DATA ELEMENTS--GENERAL INFORMATION
fixed length control field 150521b xxu||||| |||| 00| 0 eng d
020 ## - INTERNATIONAL STANDARD BOOK NUMBER
International Standard Book Number 9780071629102
041 0# - LANGUAGE CODE
Language code of text/sound track or separate title eng
080 ## - UNIVERSAL DECIMAL CLASSIFICATION NUMBER
Universal Decimal Classification number 623.8
100 1# - Rafti
Rafti Marchaj, Czesław A.
245 10 - TITLE STATEMENT
Title Aero-hydrodynamics of sailing /
Statement of responsibility, etc C.A. Marchaj.
250 ## -
-- 3rd ed.
260 ## -
-- London :
-- Adlard Coles Nautical,
-- 2000.
300 ## -
-- 763 f. :
-- me il.;
-- 27 cm.
650 #0 -
-- Aero-dinamika
650 #0 -
-- Hidro-dinamika
650 #0 -
-- Anijet
942 ## - ADDED ENTRY ELEMENTS (KOHA)
Source of classification or shelving scheme
Item type Books
Holdings
Withdrawn status Lost status Source of classification or shelving scheme Damaged status Not for loan Collection code Permanent location Current location Shelving location Date acquired Total Checkouts Full call number Date last seen Price effective from Koha item type
          Koleksioni i përgjithshem UBT - Lipjan UBT - Lipjan Koleksioni i përgjithshem 05/21/2015   623.8 FOS 05/21/2015 05/21/2015 Books
UBT Library © 2015-2024. All rights reserved University Education for Business and Technology